| 000 | 00959cam a2200253 4500 | ||
|---|---|---|---|
| 002 | 3541 | ||
| 008 | 090401t1998 xxu||||| |||| 00| 0 eng d | ||
| 020 | _a0727726900 | ||
| 035 | _a(Sirsi) u84895 | ||
| 041 | 0 | _aeng | |
| 050 | 0 | 4 | _a692.8 $2 18 |
| 100 | 1 | _aBennett, John | |
| 245 | 0 | 4 |
_aThe seven pillars of partnering _ba guide to second generation partnering |
| 260 |
_aLondon _bThomas Telford _c1998 |
||
| 300 |
_aii, 96p. _bill. _c30cm. |
||
| 350 | _a50 | ||
| 520 | _aA companion to Trusting the Team (ISBN 0704905035), this report provides a practical guide to best practices in partnering. Describes the seven elements that constitute second generation or strategic partnering, and which can result in cost savings of up to 40%. Includes case studies and checklists. | ||
| 651 | 4 |
_aUnited Kingdom _y |
|
| 690 |
_aProcurement _96260 |
||
| 700 | 1 | _aJayes, Sarah | |
| 710 | 2 |
_aReading Construction Forum _93334 |
|
| 942 | _n0 | ||
| 948 | _c16/03/1998 | ||
| 999 |
_c96988 _d96988 |
||